| 000 | 00832nam a2200217Ii 4500 | ||
|---|---|---|---|
| 003 | JO-AjNU | ||
| 008 | 230605s9999||||xx |||||||||||||| ||und|| | ||
| 017 | _a1986/5755 | ||
| 020 | _a977-10-0239-2 | ||
| 040 |
_aJO-AjNU _bara _erda _cJO-AjNU |
||
| 041 | _aara | ||
| 050 | 1 | 4 | _aHE 559 .E3. S23. 1986 |
| 100 | 3 |
_aعبدالفتاح، صفاء حافظ, _eauthor _936031 |
|
| 245 | 0 | 0 | _aالموانىء والثغور المصرية من الفتح الاسلامي حتى نهاية العصر الفاطمي |
| 264 | 3 | 1 | _aالقاهرة:دار الفكر العربي،1986 |
| 300 |
_a279ص _bيحتوي على ببلوغرافية من ص257-279ص |
||
| 336 |
_atext _btxt _2rdacontent |
||
| 337 |
_aunmediated _bn _2rdamedia |
||
| 338 |
_avolume _bnc _2rdacarrier |
||
| 650 | 4 |
_aالموانئ -- مصر -- تاريخ _936032 |
|
| 999 |
_aA14933 _c18501 _d18501 |
||